[Event "Blitz 2018"]
[Site "Saint-Petersburg"]
[Date "2018.12.29"]
[Round "11"]
[Board "15"]
[White "Guseinov Gadir (AZE)"]
[Black "Tsydypov Zhamsaran (RUS)"]
[Result "0-1"]
[LiveChessVersion "1.4.8"]
[BlackElo "2573"]
[WhiteElo "2708"]

1. e4 c5 2. Nc3 d6 3. d4 cxd4 4. Qxd4 Nc6 5. Bb5 Bd7 6. Bxc6 Bxc6 7. Nge2 e6 8.
f3 Nf6 9. Bg5 Be7 10. O-O-O O-O 11. Kb1 Qa5 12. h4 h6 13. Bd2 Qc5 14. Qd3 b5 15.
Nd4 b4 16. Nxc6 Qxc6 17. Ne2 d5 18. e5 Nd7 19. Nd4 Qb6 20. Rde1 a5 21. g4 a4 22.
g5 Bc5 23. Nb5 Rfb8 24. Nd6 Nxe5 25. Rxe5 Bxd6 26. Re2 b3 27. cxb3 axb3 28. a3
Bxa3 29. bxa3 Rxa3 30. Bc1 b2 31. Qxa3 bxc1=Q+ 32. Kxc1 Qb1+ 33. Kd2 Qxh1 34.
gxh6 Qxh4 35. hxg7 Qd4+ 36. Kc2 Rc8+ 0-1

[Event "Blitz 2018"]
[Site "Saint-Petersburg"]
[Date "2018.12.29"]
[Round "11"]
[Board "16"]
[White "Korobov Anton (UKR)"]
[Black "Kazhgaleyev Murtas (KAZ)"]
[Result "1-0"]
[LiveChessVersion "1.4.8"]
[BlackElo "2553"]
[WhiteElo "2677"]

1. d4 {[%clk 0:03:03]} Nf6 {[%clk 0:03:03]} 2. c4 {[%clk 0:03:04]} g6
{[%clk 0:03:03]} 3. Nc3 {[%clk 0:03:05]} Bg7 {[%clk 0:03:04]} 4. e4
{[%clk 0:03:06]} d6 {[%clk 0:03:05]} 5. f3 {[%clk 0:03:07]} O-O {[%clk 0:03:03]}
6. Nge2 {[%clk 0:03:07]} c5 {[%clk 0:03:03]} 7. d5 {[%clk 0:03:08]} e6
{[%clk 0:03:04]} 8. Bg5 {[%clk 0:03:09]} h6 {[%clk 0:03:00]} 9. Be3
{[%clk 0:03:09]} exd5 {[%clk 0:03:00]} 10. cxd5 {[%clk 0:03:10]} Re8
{[%clk 0:03:00]} 11. Ng3 {[%clk 0:03:02]} h5 {[%clk 0:03:01]} 12. Be2
{[%clk 0:03:02]} h4 {[%clk 0:02:51]} 13. Nf1 {[%clk 0:03:03]} a6 {[%clk 0:02:49]}
14. a4 {[%clk 0:03:02]} Nbd7 {[%clk 0:02:48]} 15. Nd2 {[%clk 0:03:01]} Nh7
{[%clk 0:02:33]} 16. O-O {[%clk 0:02:50]} f5 {[%clk 0:02:34]} 17. a5
{[%clk 0:02:40]} Ndf6 {[%clk 0:02:17]} 18. Qc2 {[%clk 0:02:26]} Qe7
{[%clk 0:01:56]} 19. Rae1 {[%clk 0:02:14]} g5 {[%clk 0:01:48]} 20. f4
{[%clk 0:01:56]} Ng4 {[%clk 0:01:41]} 21. Bxg4 {[%clk 0:01:53]} fxg4
{[%clk 0:01:41]} 22. f5 {[%clk 0:01:50]} Be5 {[%clk 0:01:21]} 23. Nc4
{[%clk 0:01:47]} Bd7 {[%clk 0:01:21]} 24. Qb3 {[%clk 0:01:28]} Rab8
{[%clk 0:01:15]} 25. Qb6 {[%clk 0:01:28]} Kh8 {[%clk 0:01:07]} 26. Kh1
{[%clk 0:01:20]} g3 {[%clk 0:01:08]} 27. Nxe5 {[%clk 0:01:03]} Qxe5
{[%clk 0:01:08]} 28. h3 {[%clk 0:01:05]} Rg8 {[%clk 0:01:00]} 29. Rc1
{[%clk 0:01:00]} Nf6 {[%clk 0:00:56]} 30. b4 {[%clk 0:00:57]} Nxe4
{[%clk 0:00:52]} 31. Nxe4 {[%clk 0:00:56]} Qxe4 {[%clk 0:00:52]} 32. Qxd6
{[%clk 0:00:56]} Rg7 {[%clk 0:00:45]} 33. Qxb8+ {[%clk 0:00:54]} Kh7
{[%clk 0:00:46]} 34. Bxc5 {[%clk 0:00:48]} g4 {[%clk 0:00:47]} 35. Rf4
{[%clk 0:00:38]} Qxd5 {[%clk 0:00:48]} 36. Qd8 {[%clk 0:00:29]} Qd2
{[%clk 0:00:43]} 37. Rcf1 {[%clk 0:00:26]} Qe2 {[%clk 0:00:41]} 38. Qxh4+
{[%clk 0:00:22]} Kg8 {[%clk 0:00:42]} 39. Qd8+ {[%clk 0:00:21]} Kh7
{[%clk 0:00:43]} 40. Rg1 {[%clk 0:00:20]} Bc6 {[%clk 0:00:42]} 41. Qh4+
{[%clk 0:00:19]} Kg8 {[%clk 0:00:43]} 42. Rxg4 {[%clk 0:00:20]} 1-0

[Event "Blitz 2018"]
[Site "Saint-Petersburg"]
[Date "2018.12.29"]
[Round "11"]
[Board "17"]
[White "Dreev Aleksey (RUS)"]
[Black "Nozdrachev Vladislav (RUS)"]
[Result "1-0"]
[LiveChessVersion "1.4.8"]
[BlackElo "2521"]
[WhiteElo "2675"]

1. d4 {[%clk 0:03:03]} Nf6 {[%clk 0:03:02]} 2. Nf3 {[%clk 0:03:04]} e6
{[%clk 0:03:03]} 3. Bg5 {[%clk 0:03:03]} h6 {[%clk 0:02:42]} 4. Bh4
{[%clk 0:03:03]} d5 {[%clk 0:02:41]} 5. e3 {[%clk 0:03:02]} c5 {[%clk 0:02:29]}
6. c3 {[%clk 0:03:01]} Nc6 {[%clk 0:02:27]} 7. Nbd2 {[%clk 0:03:00]} Be7
{[%clk 0:02:26]} 8. Bd3 {[%clk 0:03:00]} Qb6 {[%clk 0:02:18]} 9. Rb1
{[%clk 0:02:57]} Bd7 {[%clk 0:02:19]} 10. O-O {[%clk 0:02:55]} g5
{[%clk 0:02:01]} 11. Bg3 {[%clk 0:02:56]} Rg8 {[%clk 0:02:00]} 12. Ne5
{[%clk 0:02:54]} h5 {[%clk 0:01:57]} 13. Nxd7 {[%clk 0:02:54]} Kxd7
{[%clk 0:01:55]} 14. dxc5 {[%clk 0:02:28]} Bxc5 {[%clk 0:01:53]} 15. b4
{[%clk 0:02:27]} Be7 {[%clk 0:01:48]} 16. Qa4 {[%clk 0:02:07]} Kd8
{[%clk 0:01:29]} 17. c4 {[%clk 0:02:02]} a5 {[%clk 0:00:59]} 18. c5
{[%clk 0:01:58]} Qa7 {[%clk 0:00:56]} 19. b5 {[%clk 0:01:59]} Qxc5
{[%clk 0:00:40]} 20. bxc6 {[%clk 0:01:49]} bxc6 {[%clk 0:00:37]} 21. Rfc1
{[%clk 0:01:44]} Qa3 {[%clk 0:00:35]} 22. Qxc6 1-0

[Event "Blitz 2018"]
[Site "Saint-Petersburg"]
[Date "2018.12.29"]
[Round "11"]
[Board "18"]
[White "Demchenko Anton (RUS)"]
[Black "Inarkiev Ernesto (RUS)"]
[Result "1-0"]
[LiveChessVersion "1.4.8"]
[BlackElo "2674"]
[WhiteElo "2572"]

1. e4 {[%clk 0:03:04]} c5 {[%clk 0:03:04]} 2. Nc3 {[%clk 0:03:04]} e6
{[%clk 0:03:02]} 3. Nge2 {[%clk 0:02:59]} d5 {[%clk 0:02:54]} 4. exd5 exd5 5. d4
{[%clk 0:02:56]} Nc6 {[%clk 0:02:40]} 6. Be3 {[%clk 0:02:57]} c4 {[%clk 0:02:36]}
7. g3 {[%clk 0:02:58]} Bb4 {[%clk 0:02:23]} 8. Bg2 {[%clk 0:02:58]} Nge7
{[%clk 0:02:24]} 9. O-O {[%clk 0:02:51]} O-O {[%clk 0:02:25]} 10. a3
{[%clk 0:02:44]} Ba5 {[%clk 0:02:26]} 11. b4 {[%clk 0:02:42]} cxb3
{[%clk 0:02:27]} 12. cxb3 {[%clk 0:02:44]} Bxc3 {[%clk 0:02:19]} 13. Nxc3
{[%clk 0:02:45]} Be6 {[%clk 0:02:20]} 14. Rc1 {[%clk 0:02:40]} Qd7
{[%clk 0:02:21]} 15. Re1 {[%clk 0:02:37]} Rac8 {[%clk 0:02:20]} 16. f3
{[%clk 0:02:30]} Na5 {[%clk 0:02:15]} 17. Bf1 {[%clk 0:01:58]} Nf5
{[%clk 0:02:17]} 18. Bf2 Nd6 19. Na2 {[%clk 0:01:41]} Bf5 {[%clk 0:01:50]} 20.
Rc5 {[%clk 0:01:14]} b6 {[%clk 0:01:44]} 21. Rxc8 {[%clk 0:01:15]} Rxc8
{[%clk 0:01:45]} 22. Nb4 {[%clk 0:01:17]} Nb5 {[%clk 0:01:39]} 23. Nxd5
{[%clk 0:01:05]} Be6 {[%clk 0:00:22]} 24. Nf4 {[%clk 0:01:06]} Bxb3
{[%clk 0:00:21]} 25. Qb1 {[%clk 0:01:06]} Nc3 {[%clk 0:00:18]} 26. Qa1
{[%clk 0:00:55]} Nd5 {[%clk 0:00:19]} 27. Bh3 {[%clk 0:00:55]} f5
{[%clk 0:00:17]} 28. Nd3 {[%clk 0:00:48]} Nc6 {[%clk 0:00:19]} 29. Qb1
{[%clk 0:00:32]} Bc4 {[%clk 0:00:20]} 30. Ne5 {[%clk 0:00:33]} Nxe5
{[%clk 0:00:21]} 31. dxe5 {[%clk 0:00:32]} g6 {[%clk 0:00:20]} 32. e6
{[%clk 0:00:30]} Qe7 {[%clk 0:00:21]} 33. Qb2 {[%clk 0:00:30]} Nc7
{[%clk 0:00:19]} 34. Qe5 {[%clk 0:00:23]} Nxe6 {[%clk 0:00:18]} 35. Bd4
{[%clk 0:00:22]} Qg7 {[%clk 0:00:16]} 36. Qxe6+ {[%clk 0:00:22]} Bxe6
{[%clk 0:00:18]} 37. Bxg7 {[%clk 0:00:23]} Kxg7 {[%clk 0:00:12]} 38. Rxe6
{[%clk 0:00:23]} Rc1+ {[%clk 0:00:13]} 39. Bf1 {[%clk 0:00:24]} Kf7
{[%clk 0:00:11]} 40. Re3 {[%clk 0:00:22]} Rc2 {[%clk 0:00:11]} 41. Be2 Kf6 42. f4
{[%clk 0:00:22]} Ra2 {[%clk 0:00:12]} 43. h4 {[%clk 0:00:22]} h6 {[%clk 0:00:13]}
44. Re6+ {[%clk 0:00:19]} Kg7 {[%clk 0:00:13]} 45. Re7+ {[%clk 0:00:19]} Kf8
{[%clk 0:00:13]} 46. Re6 {[%clk 0:00:16]} Rxa3 {[%clk 0:00:13]} 47. Rxg6
{[%clk 0:00:16]} Rb3 {[%clk 0:00:12]} 48. Rxh6 a5 49. Rf6+ {[%clk 0:00:10]} Ke7
50. Rxf5 Rxg3+ {[%clk 0:00:14]} 51. Kf2 {[%clk 0:00:13]} Rh3 {[%clk 0:00:11]} 52.
h5 Kd6 53. Rf6+ Kc5 54. h6 {[%clk 0:00:12]} a4 {[%clk 0:00:15]} 55. Kg2
{[%clk 0:00:13]} Rh4 {[%clk 0:00:14]} 56. Rf5+ {[%clk 0:00:13]} Kd6
{[%clk 0:00:10]} 57. Rh5 {[%clk 0:00:14]} Rxf4 {[%clk 0:00:08]} 58. h7
{[%clk 0:00:15]} Ke5 1-0

[Event "Blitz 2018"]
[Site "Saint-Petersburg"]
[Date "2018.12.29"]
[Round "11"]
[Board "20"]
[White "Riazantsev Alexander (RUS)"]
[Black "Yakubboev Nodirbek (UZB)"]
[Result "0-1"]
[LiveChessVersion "1.4.8"]
[BlackElo "2388"]
[WhiteElo "2633"]

1. d4 {[%clk 0:03:03]} Nf6 {[%clk 0:03:01]} 2. c4 {[%clk 0:03:05]} e6
{[%clk 0:03:02]} 3. Nf3 {[%clk 0:03:06]} b6 {[%clk 0:03:01]} 4. a3
{[%clk 0:03:07]} Bb7 {[%clk 0:02:28]} 5. Nc3 {[%clk 0:03:07]} Ne4
{[%clk 0:02:05]} 6. Nxe4 {[%clk 0:03:07]} Bxe4 {[%clk 0:02:06]} 7. e3
{[%clk 0:03:09]} Be7 {[%clk 0:01:45]} 8. Bd3 {[%clk 0:03:09]} Bxd3
{[%clk 0:01:44]} 9. Qxd3 {[%clk 0:03:10]} d5 {[%clk 0:01:36]} 10. O-O
{[%clk 0:03:10]} O-O {[%clk 0:01:28]} 11. Bd2 {[%clk 0:03:11]} c6
{[%clk 0:01:09]} 12. Rac1 {[%clk 0:02:55]} Nd7 {[%clk 0:00:59]} 13. cxd5
{[%clk 0:02:48]} cxd5 {[%clk 0:01:00]} 14. Qa6 {[%clk 0:02:49]} Bd6
{[%clk 0:00:50]} 15. Rc2 {[%clk 0:02:41]} e5 {[%clk 0:00:45]} 16. dxe5
{[%clk 0:02:03]} Nxe5 {[%clk 0:00:46]} 17. Nxe5 {[%clk 0:02:04]} Bxe5
{[%clk 0:00:47]} 18. Bb4 {[%clk 0:02:02]} Re8 {[%clk 0:00:37]} 19. Rd1
{[%clk 0:02:00]} Qh4 {[%clk 0:00:23]} 20. g3 {[%clk 0:01:55]} Qe4
{[%clk 0:00:23]} 21. Rcd2 {[%clk 0:01:31]} h5 {[%clk 0:00:19]} 22. Rxd5
{[%clk 0:01:07]} Bxb2 {[%clk 0:00:17]} 23. Rxh5 {[%clk 0:01:00]} Rad8
{[%clk 0:00:17]} 24. Rf1 {[%clk 0:00:49]} Qf3 {[%clk 0:00:12]} 25. Rh4
{[%clk 0:00:45]} Rd7 {[%clk 0:00:09]} 26. Rf4 {[%clk 0:00:45]} Qa8
{[%clk 0:00:09]} 27. h4 {[%clk 0:00:37]} Be5 28. Rg4 {[%clk 0:00:25]} Qf3
{[%clk 0:00:09]} 29. Qc4 {[%clk 0:00:27]} Rc7 {[%clk 0:00:05]} 30. Qb5
{[%clk 0:00:22]} Re6 {[%clk 0:00:03]} 31. Rc4 {[%clk 0:00:14]} Rxc4
{[%clk 0:00:03]} 32. Qxc4 {[%clk 0:00:15]} Bxg3 {[%clk 0:00:03]} 33. Qc8+
{[%clk 0:00:14]} Kh7 {[%clk 0:00:04]} 34. h5 {[%clk 0:00:08]} Be5
{[%clk 0:00:03]} 35. Qc2+ {[%clk 0:00:08]} f5 {[%clk 0:00:04]} 36. Qd1
{[%clk 0:00:08]} Qh3 {[%clk 0:00:05]} 37. f4 {[%clk 0:00:06]} Qxe3+ 38. Kg2 Qe4+
{[%clk 0:00:06]} 39. Qf3 {[%clk 0:00:08]} Bxf4 {[%clk 0:00:06]} 40. Qxe4
{[%clk 0:00:07]} Rxe4 {[%clk 0:00:07]} 41. Rd1 {[%clk 0:00:05]} a5
{[%clk 0:00:08]} 42. Bf8 {[%clk 0:00:05]} Re8 {[%clk 0:00:09]} 43. Rf1
{[%clk 0:00:05]} Rxf8 {[%clk 0:00:08]} 44. Rxf4 {[%clk 0:00:06]} Kh6
{[%clk 0:00:10]} 45. Rf3 {[%clk 0:00:06]} Kxh5 {[%clk 0:00:10]} 46. Rb3
{[%clk 0:00:07]} Rf6 {[%clk 0:00:11]} 47. Kf3 {[%clk 0:00:08]} g5
{[%clk 0:00:12]} 0-1

[Event "Blitz 2018"]
[Site "Saint-Petersburg"]
[Date "2018.12.29"]
[Round "11"]
[Board "22"]
[White "Paravyan David (RUS)"]
[Black "Jones Gawain C B (ENG)"]
[Result "1/2-1/2"]
[LiveChessVersion "1.4.8"]
[BlackElo "2722"]
[WhiteElo "2629"]

1. d4 {[%clk 0:03:03]} Nf6 {[%clk 0:03:03]} 2. c4 {[%clk 0:03:04]} g6
{[%clk 0:03:04]} 3. g3 {[%clk 0:03:06]} Bg7 4. Bg2 O-O {[%clk 0:03:05]} 5. Nf3
{[%clk 0:03:09]} c5 {[%clk 0:03:06]} 6. dxc5 {[%clk 0:02:53]} Na6
{[%clk 0:03:05]} 7. O-O {[%clk 0:02:53]} Nxc5 {[%clk 0:03:05]} 8. Nc3
{[%clk 0:02:55]} b6 {[%clk 0:03:01]} 9. Nd4 {[%clk 0:02:51]} Bb7 {[%clk 0:03:00]}
10. Bxb7 {[%clk 0:02:52]} Nxb7 {[%clk 0:03:01]} 11. b3 {[%clk 0:02:48]} d5
{[%clk 0:02:13]} 12. cxd5 {[%clk 0:02:42]} Nxd5 {[%clk 0:02:12]} 13. Bb2
{[%clk 0:02:43]} Nxc3 {[%clk 0:02:04]} 14. Bxc3 {[%clk 0:02:44]} Rc8
{[%clk 0:01:59]} 15. Bb2 {[%clk 0:02:45]} Qd7 {[%clk 0:01:58]} 16. e3
{[%clk 0:01:35]} Rfd8 {[%clk 0:01:59]} 17. Qe2 {[%clk 0:01:36]} e5
{[%clk 0:01:36]} 18. Nf3 {[%clk 0:01:35]} Qg4 {[%clk 0:01:36]} 19. Rfe1
{[%clk 0:01:00]} e4 {[%clk 0:01:30]} 20. Nd4 {[%clk 0:01:01]} Qxe2
{[%clk 0:01:30]} 21. Rxe2 {[%clk 0:01:02]} Nc5 {[%clk 0:01:31]} 22. Nb5
{[%clk 0:00:58]} Bxb2 {[%clk 0:01:25]} 23. Rxb2 {[%clk 0:00:59]} Nd3
{[%clk 0:01:25]} 24. Rd2 {[%clk 0:00:57]} Rc5 {[%clk 0:01:19]} 25. Nd4
{[%clk 0:00:54]} Rdc8 {[%clk 0:01:20]} 26. Rad1 {[%clk 0:00:51]} Ne5
{[%clk 0:01:15]} 27. Kg2 {[%clk 0:00:50]} h5 {[%clk 0:01:12]} 28. h3
{[%clk 0:00:50]} a6 {[%clk 0:01:03]} 29. Ne2 {[%clk 0:00:41]} Rc2
{[%clk 0:01:00]} 30. Nd4 {[%clk 0:00:38]} R2c3 {[%clk 0:01:01]} 31. Ne2
{[%clk 0:00:38]} Rd3 {[%clk 0:01:02]} 32. Rxd3 {[%clk 0:00:22]} Nxd3
{[%clk 0:00:57]} 33. Nf4 {[%clk 0:00:21]} Rc2 {[%clk 0:00:41]} 34. Nxd3
{[%clk 0:00:19]} exd3 {[%clk 0:00:42]} 35. Rxd3 {[%clk 0:00:18]} Rxa2
{[%clk 0:00:43]} 36. Rd6 {[%clk 0:00:14]} b5 {[%clk 0:00:44]} 37. b4
{[%clk 0:00:11]} Ra4 {[%clk 0:00:41]} 38. f4 {[%clk 0:00:07]} Kg7
{[%clk 0:00:41]} 39. g4 {[%clk 0:00:07]} hxg4 {[%clk 0:00:42]} 40. hxg4
{[%clk 0:00:08]} Rxb4 {[%clk 0:00:40]} 41. Rxa6 {[%clk 0:00:09]} Rc4
{[%clk 0:00:41]} 42. Kf3 {[%clk 0:00:09]} Rc1 {[%clk 0:00:28]} 43. Rb6
{[%clk 0:00:10]} Rb1 {[%clk 0:00:29]} 44. e4 {[%clk 0:00:05]} Rf1+
{[%clk 0:00:28]} 45. Ke3 {[%clk 0:00:05]} Re1+ {[%clk 0:00:28]} 46. Kd4
{[%clk 0:00:06]} g5 {[%clk 0:00:20]} 47. fxg5 {[%clk 0:00:05]} Rb1
{[%clk 0:00:17]} 48. Kd5 {[%clk 0:00:04]} b4 {[%clk 0:00:18]} 49. Kc4
{[%clk 0:00:03]} Re1 {[%clk 0:00:18]} 50. Kd4 {[%clk 0:00:04]} Rb1
{[%clk 0:00:18]} 51. Kc4 {[%clk 0:00:05]} Rg1 {[%clk 0:00:18]} 52. Rxb4
{[%clk 0:00:04]} Rxg4 {[%clk 0:00:19]} 53. Kd4 {[%clk 0:00:05]} Rxg5
{[%clk 0:00:20]} 54. Ke3 {[%clk 0:00:07]} 1/2-1/2

[Event "Blitz 2018"]
[Site "Saint-Petersburg"]
[Date "2018.12.29"]
[Round "11"]
[Board "23"]
[White "Golubov Saveliy (RUS)"]
[Black "Petrosian Tigran L. (ARM)"]
[Result "1-0"]
[LiveChessVersion "1.4.8"]
[BlackElo "2700"]
[WhiteElo "2574"]

1. d4 {[%clk 0:03:03]} d6 {[%clk 0:03:04]} 2. Nf3 {[%clk 0:03:04]} Bg4
{[%clk 0:03:05]} 3. e3 {[%clk 0:03:03]} Nd7 {[%clk 0:03:03]} 4. Be2
{[%clk 0:03:04]} e5 {[%clk 0:03:02]} 5. O-O {[%clk 0:03:04]} Be7 {[%clk 0:03:02]}
6. c4 {[%clk 0:02:45]} Ngf6 {[%clk 0:03:02]} 7. Nc3 {[%clk 0:02:46]} O-O
{[%clk 0:03:03]} 8. h3 {[%clk 0:02:43]} Bh5 {[%clk 0:03:04]} 9. b3
{[%clk 0:02:35]} c6 {[%clk 0:03:04]} 10. Bb2 {[%clk 0:02:36]} e4 {[%clk 0:03:03]}
11. Nd2 {[%clk 0:02:31]} Bxe2 {[%clk 0:03:04]} 12. Qxe2 {[%clk 0:02:25]} d5
{[%clk 0:03:05]} 13. f3 {[%clk 0:02:26]} exf3 {[%clk 0:03:05]} 14. Qxf3
{[%clk 0:02:27]} Bb4 {[%clk 0:02:34]} 15. e4 {[%clk 0:02:26]} dxc4
{[%clk 0:02:14]} 16. Nxc4 {[%clk 0:02:27]} Nb6 {[%clk 0:02:11]} 17. Ne2
{[%clk 0:02:19]} Qe7 {[%clk 0:02:00]} 18. Ng3 {[%clk 0:02:19]} Qe6
{[%clk 0:01:46]} 19. a3 {[%clk 0:02:08]} Be7 {[%clk 0:01:47]} 20. Nf5
{[%clk 0:02:06]} Rae8 {[%clk 0:01:39]} 21. Nxb6 axb6 {[%clk 0:01:40]} 22. d5
{[%clk 0:01:48]} Qxe4 {[%clk 0:01:03]} 23. Qxe4 Nxe4 {[%clk 0:01:04]} 24. Bxg7
{[%clk 0:01:07]} Bc5+ {[%clk 0:01:05]} 25. Kh2 {[%clk 0:01:08]} cxd5
{[%clk 0:01:03]} 26. Bxf8 {[%clk 0:01:06]} Kxf8 {[%clk 0:01:00]} 27. b4
{[%clk 0:01:04]} Bf2 {[%clk 0:00:56]} 28. g4 {[%clk 0:00:49]} b5 {[%clk 0:00:39]}
29. Kg2 {[%clk 0:00:51]} Bb6 {[%clk 0:00:39]} 30. Rad1 {[%clk 0:00:51]} Re5
{[%clk 0:00:38]} 31. Rfe1 {[%clk 0:00:38]} f6 {[%clk 0:00:36]} 32. Rc1
{[%clk 0:00:30]} Re8 {[%clk 0:00:31]} 33. Red1 {[%clk 0:00:27]} Rd8
{[%clk 0:00:28]} 34. Nd4 {[%clk 0:00:23]} Kf7 {[%clk 0:00:25]} 35. Nxb5
{[%clk 0:00:20]} h5 {[%clk 0:00:25]} 36. Kf3 {[%clk 0:00:08]} Ng5+
{[%clk 0:00:25]} 37. Kg2 {[%clk 0:00:09]} hxg4 38. hxg4 Kg6 {[%clk 0:00:16]} 39.
Rc3 {[%clk 0:00:08]} Ne4 {[%clk 0:00:15]} 40. Rf3 {[%clk 0:00:08]} Ng5
{[%clk 0:00:12]} 41. Rfd3 {[%clk 0:00:07]} Ne6 {[%clk 0:00:13]} 42. Kf3
{[%clk 0:00:06]} Rh8 {[%clk 0:00:13]} 43. Kg3 {[%clk 0:00:04]} Ng5
{[%clk 0:00:11]} 44. Rxd5 {[%clk 0:00:04]} Rh3+ 45. Kg2 Rb3 {[%clk 0:00:11]} 46.
R5d3 {[%clk 0:00:06]} Rb2+ {[%clk 0:00:12]} 47. R1d2 {[%clk 0:00:07]} Rb1
{[%clk 0:00:13]} 48. Rd1 {[%clk 0:00:09]} Rb2+ 49. R1d2 Rb1 {[%clk 0:00:16]} 50.
Rd1 {[%clk 0:00:10]} Rb2+ {[%clk 0:00:17]} 51. R3d2 {[%clk 0:00:10]} Rb3
{[%clk 0:00:19]} 52. Nd4 {[%clk 0:00:06]} Rxa3 {[%clk 0:00:18]} 53. Nf5
{[%clk 0:00:07]} Ne6 {[%clk 0:00:16]} 54. Rf1 {[%clk 0:00:05]} Bc7
{[%clk 0:00:12]} 55. Ne7+ {[%clk 0:00:06]} Kf7 {[%clk 0:00:12]} 56. Nd5
{[%clk 0:00:07]} Be5 {[%clk 0:00:13]} 57. Re2 {[%clk 0:00:06]} Kg6
{[%clk 0:00:10]} 58. Rxe5 {[%clk 0:00:06]} fxe5 {[%clk 0:00:11]} 59. Rf6+
{[%clk 0:00:07]} Kg5 {[%clk 0:00:13]} 60. Rxe6 {[%clk 0:00:09]} Kxg4
{[%clk 0:00:10]} 61. Rxe5 {[%clk 0:00:09]} Ra2+ {[%clk 0:00:12]} 62. Kf1
{[%clk 0:00:10]} Rb2 {[%clk 0:00:12]} 63. Ke1 {[%clk 0:00:10]} Kf3
{[%clk 0:00:13]} 64. Kd1 {[%clk 0:00:11]} Rh2 {[%clk 0:00:12]} 65. Kc1
{[%clk 0:00:09]} Ra2 {[%clk 0:00:09]} 66. Re3+ {[%clk 0:00:08]} Kg4
{[%clk 0:00:10]} 67. Re7 {[%clk 0:00:09]} Kf5 {[%clk 0:00:05]} 68. Rxb7
{[%clk 0:00:09]} Ke5 {[%clk 0:00:06]} 69. Nc3 {[%clk 0:00:10]} Rh2
{[%clk 0:00:07]} 70. Rd7 {[%clk 0:00:11]} Ke6 {[%clk 0:00:08]} 71. Rd3
{[%clk 0:00:11]} Ke5 {[%clk 0:00:04]} 72. b5 {[%clk 0:00:13]} Rh6
{[%clk 0:00:05]} 73. Kc2 {[%clk 0:00:13]} Rh3 {[%clk 0:00:06]} 74. Rxh3
{[%clk 0:00:14]} 1-0

[Event "Blitz 2018"]
[Site "Saint-Petersburg"]
[Date "2018.12.29"]
[Round "11"]
[Board "24"]
[White "Kovalenko Igor (LAT)"]
[Black "Sarana Alexey (RUS)"]
[Result "1/2-1/2"]
[LiveChessVersion "1.4.8"]
[BlackElo "2616"]
[WhiteElo "2693"]

1. c4 {[%clk 0:03:03]} e5 {[%clk 0:03:04]} 2. Nc3 {[%clk 0:03:02]} Nf6
{[%clk 0:03:05]} 3. Nf3 {[%clk 0:03:04]} Nc6 {[%clk 0:03:06]} 4. e3
{[%clk 0:03:05]} Bb4 {[%clk 0:03:07]} 5. Qc2 {[%clk 0:03:06]} Bxc3
{[%clk 0:03:08]} 6. Qxc3 {[%clk 0:03:08]} Qe7 {[%clk 0:03:08]} 7. b3
{[%clk 0:03:09]} d5 {[%clk 0:03:08]} 8. cxd5 {[%clk 0:03:10]} Nxd5 9. Qb2 O-O
{[%clk 0:03:09]} 10. Bc4 {[%clk 0:03:13]} Nb6 {[%clk 0:03:01]} 11. Bb5
{[%clk 0:03:14]} e4 {[%clk 0:03:03]} 12. Bxc6 {[%clk 0:03:15]} bxc6
{[%clk 0:03:03]} 13. Qe5 {[%clk 0:03:17]} Re8 {[%clk 0:02:47]} 14. Qxe7
{[%clk 0:03:15]} Rxe7 {[%clk 0:02:48]} 15. Ba3 {[%clk 0:02:50]} Re6
{[%clk 0:02:49]} 16. Ng5 {[%clk 0:02:23]} Re5 {[%clk 0:02:11]} 17. f4
{[%clk 0:02:22]} Re8 {[%clk 0:02:00]} 18. h4 {[%clk 0:02:16]} a5 {[%clk 0:02:01]}
19. Nh3 {[%clk 0:01:46]} a4 {[%clk 0:02:02]} 20. Nf2 {[%clk 0:01:43]} Be6
{[%clk 0:01:50]} 21. O-O {[%clk 0:01:34]} axb3 {[%clk 0:01:49]} 22. axb3
{[%clk 0:01:36]} Bxb3 {[%clk 0:01:50]} 23. Bb2 {[%clk 0:01:19]} Bd5
{[%clk 0:01:47]} 24. g4 {[%clk 0:01:17]} Nc4 {[%clk 0:01:46]} 25. Bc3
{[%clk 0:01:17]} f6 {[%clk 0:01:46]} 26. Kh2 {[%clk 0:01:06]} Nd6
{[%clk 0:01:34]} 27. Nh1 {[%clk 0:01:01]} c5 {[%clk 0:01:34]} 28. Ng3
{[%clk 0:00:58]} Nb5 {[%clk 0:01:35]} 29. Bb2 {[%clk 0:00:59]} Kf7
{[%clk 0:01:33]} 30. Rfc1 {[%clk 0:00:57]} Rxa1 {[%clk 0:01:28]} 31. Bxa1
{[%clk 0:00:54]} Ra8 {[%clk 0:01:21]} 32. Rxc5 {[%clk 0:00:42]} c6
{[%clk 0:01:22]} 33. Bc3 {[%clk 0:00:43]} Ra2 {[%clk 0:01:23]} 34. Nf1
{[%clk 0:00:26]} Ke6 {[%clk 0:01:13]} 35. Kg2 {[%clk 0:00:22]} Ra4
{[%clk 0:00:52]} 36. Bb2 {[%clk 0:00:18]} Nd6 {[%clk 0:00:50]} 37. Rc1
{[%clk 0:00:18]} Ra2 {[%clk 0:00:49]} 38. Bc3 {[%clk 0:00:18]} Nb5
{[%clk 0:00:50]} 39. Kg3 {[%clk 0:00:12]} Bc4 {[%clk 0:00:49]} 40. Nh2
{[%clk 0:00:09]} Nxc3 {[%clk 0:00:45]} 41. Rxc3 {[%clk 0:00:10]} Kd5
{[%clk 0:00:46]} 42. f5 {[%clk 0:00:10]} Rxd2 {[%clk 0:00:45]} 43. Rc1
{[%clk 0:00:09]} c5 {[%clk 0:00:44]} 44. g5 {[%clk 0:00:11]} Bd3 {[%clk 0:00:34]}
45. Ng4 {[%clk 0:00:11]} c4 {[%clk 0:00:34]} 46. gxf6 {[%clk 0:00:10]} gxf6
{[%clk 0:00:35]} 47. Kf4 {[%clk 0:00:12]} Kd6 {[%clk 0:00:32]} 48. Nxf6
{[%clk 0:00:12]} Rf2+ {[%clk 0:00:33]} 49. Kg5 {[%clk 0:00:14]} Rg2+
{[%clk 0:00:19]} 50. Kf4 {[%clk 0:00:13]} h6 {[%clk 0:00:18]} 51. Nxe4+
{[%clk 0:00:14]} Kd5 {[%clk 0:00:08]} 52. Nf6+ {[%clk 0:00:11]} Kd6
{[%clk 0:00:09]} 53. e4 {[%clk 0:00:09]} Rf2+ {[%clk 0:00:10]} 54. Ke3
{[%clk 0:00:10]} Rh2 {[%clk 0:00:11]} 55. Kd4 {[%clk 0:00:07]} Rxh4
{[%clk 0:00:11]} 56. Ra1 {[%clk 0:00:09]} Kc6 {[%clk 0:00:08]} 57. Ra8
{[%clk 0:00:09]} Rh1 {[%clk 0:00:06]} 58. Rc8+ {[%clk 0:00:09]} Kb7
{[%clk 0:00:06]} 59. Rh8 {[%clk 0:00:09]} Kc6 {[%clk 0:00:05]} 60. Nd5
{[%clk 0:00:10]} Bb1 {[%clk 0:00:05]} 61. Nc3 {[%clk 0:00:10]} Bd3
{[%clk 0:00:05]} 62. f6 {[%clk 0:00:11]} Rf1 {[%clk 0:00:06]} 63. Rxh6
{[%clk 0:00:10]} Kd6 {[%clk 0:00:07]} 64. e5+ {[%clk 0:00:10]} Ke6
{[%clk 0:00:08]} 65. Rh4 {[%clk 0:00:09]} Rf5 {[%clk 0:00:09]} 66. Nb5
{[%clk 0:00:06]} Rxe5 {[%clk 0:00:06]} 67. Rf4 {[%clk 0:00:05]} Rd5+
{[%clk 0:00:04]} 68. Kc3 {[%clk 0:00:06]} Rf5 {[%clk 0:00:03]} 69. Nd4+
{[%clk 0:00:06]} Kxf6 {[%clk 0:00:04]} 70. Nxf5 {[%clk 0:00:07]} Bxf5
{[%clk 0:00:06]} 71. Kxc4 {[%clk 0:00:08]} Ke5 {[%clk 0:00:07]} 1/2-1/2